| 000 | 00777cam a2200193 i 4500 | ||
|---|---|---|---|
| 005 | 20251210105240.0 | ||
| 008 | 250721q9999 xx gr 000 0 ara d | ||
| 082 | 1 | 4 |
_a216.2 _bس ل |
| 100 | 1 |
_aأبو سل، عبد المجيد _eمؤلف. |
|
| 245 | 1 | 2 |
_aاللآلئ المنثورة في دروس الفقه الميسورة / _cتاليف الشيخ عبد المجيد ابوسل ؛ تصميم واخراج نضال البزم، عبدالله الخطيب. |
| 264 | 3 | 1 |
_a[غير معروف] : _bمطبعة الخبرة، _c(بين 1999 و 2000). |
| 300 | _a121 صفحه. | ||
| 650 | 1 | 7 | _aالفقه الإسلامي. |
| 650 | 1 | 7 | _aالعبادة. |
| 650 | 1 | 7 | _aالأحكام الشرعية. |
| 700 | 1 | _e. | |
| 942 |
_2ddc _cBK |
||
| 999 |
_c105384 _d105384 |
||